00906nam a2200265 a 450000100060000000300080000600500170001400800410003102000150007203500190008704000370010604100080014308200210015110000380017224501240021026000370033430000350037149000380040650000400044450400350048460000420051965000220056170000190058383000380060232375Bd-RjUL20211209051827.0140426s1973 enka 001 0beng d a0198216882 a(BD-RjUL)32464 a(BD-RjUL)bengcBD-RjULdBD-RjUL aeng00bSTI 1973a297.611 aStewart, C. C.q(Charles Cameron)10aIslam and social order in Mauritania :ba case study from the nineteenth century /cby C. C. Stewart with E. K. Stewart aOxford :bClarendon Press,c1973 axviii, 204 p. :bill. ;c23 cm1 aOxford studies in African affairs aRevision of author's thesis, Oxford aInclues bibliography and index10aSidiyya al-Kabir,cShaikh,d1775-1868 0aIslamzMauritania1 aStewart, E. K. 0aOxford studies in African affairs